Where were these classical composers born? - Statistics

General Stats
  • This quiz has been taken 14 times
  • The average score is 45 of 58
Answer Stats
Composer Country % Correct
Chabrier France
100%
Handel Germany
100%
Wagner Germany
100%
J.S. Bach Germany
100%
R. Strauss Germany
100%
Beethoven Germany
100%
Corelli Italy
100%
Puccini Italy
100%
Stravinsky Russia
100%
Liszt Austria
92%
Bruch Germany
92%
Chopin Poland
92%
Shostakovich Russia
92%
Mussorgsky Russia
92%
Purcell United Kingdom
92%
Haydn Austria
83%
Schumann Germany
83%
Bartok Hungary
83%
Paganini Italy
83%
Britten United Kingdom
83%
Elgar United Kingdom
83%
Holst United Kingdom
83%
Bernstein United States of America
83%
Mozart Austria
75%
Berloiz France
75%
Satie France
75%
Poulenc France
75%
Debussy France
75%
Saint-Saens France
75%
Bizet France
75%
Boccherini Italy
75%
Salieri Italy
75%
Greig Norway
75%
Rimsky-Kosakov Russia
75%
Rachmaninoff Russia
75%
Tchaikovsky Russia
75%
Vaughan Williams United Kingdom
75%
Schoenbern Austria
67%
Schubert Austria
67%
Mahler Czech Republic
67%
Dvorak Czech Republic
67%
Sibelius Finland
67%
Ravel France
67%
Offenbach Germany
67%
Mendelssohn Germany
67%
Pachelbel Germany
67%
Teleman Germany
67%
Brahms Germany
67%
Rossini Italy
67%
Verdi Italy
67%
Vivaldi Italy
67%
Byrd United Kingdom
67%
Gershwin United States of America
67%
Cage United States of America
67%
Glass United States of America
58%
Bruckner Austria
50%
Prokofiev Ukraine
33%
DuFay Belgium
25%
No matching quizzes found
Score Distribution
Percent of People with Each Score
Percentile by Number Answered
Your Score History
You have not taken this quiz